000 00705nam a2200241Ia 4500
003 OSt
005 20220918212932.0
006 a|||||r|||| 00| 0
007 ta
008 220917b |||||||| |||| 00| 0 eng d
024 _a130,823
037 _cTextual
040 _aARTS
_cARTS
_beng
041 _2eng
_aeng
082 _aX:3M24xM18.N83<-M83, M5
100 _aHansen F R
_9125215
245 0 _aBreakdown of capitalism
_b a history of the idea in western Marxism 1883-1983
260 _aLondon
_bRoutledge and Kegan Paul
_c1985
300 _av,174p.
_ccm.
650 _aECONOMICS
942 _hX:3M24xM18.N83<-M83, M5
_cTEXL
_2CC
999 _c253946
_d253946